000 00822nam a2200277 a 4500
001 vtls000122194
003 ES-BaIT
005 20211008104745.0
007 t|
008 100810s2010 xxka || |000 |eng|d
010 _a122194
020 _a9780571255245
035 _a0122-19460
_9 ES-BaIT035
039 9 _a201403080645
_bVLOAD
_c201303100011
_dVLOAD
_y201110060131
_zVLOAD
080 _a792.01
100 1 _aMamet, David
_931219
245 1 0 _aTheatre /
_cDavid Mamet
260 _aLondon [etc.] :
_bFaber and Faber,
_c2010
300 _ax, 157 p. :
_bil.;
_c20 cm
504 _aBibliografia
650 0 0 _aTeatre
_xFilosofia
_968842
940 _aCVA7
949 _AVIRTUAITEM
_D40000
_G40000
_X1
_61900058905
_a792.01 MAM
949 _AVIRTUAITEM
_D10040
_G10040
_X1
_61900060568
_a792.01 MAM
999 _c109673
_d109673
040 _aES-BaIT
_bcat